Continent country scramble - The America's - Statistics

General Stats
  • This quiz has been taken 72 times
    63 since last reset
  • The average score is 19 of 25
Answer Stats
Answer % Correct
Peru
96%
Cuba
91%
Haïti
91%
Mexico
91%
Panama
89%
Venezuela
87%
Bolivia
85%
Canada
85%
Guyana
85%
Guatemala
83%
Uruguay
83%
Belize
80%
Honduras
80%
Brazil
76%
Grenada
74%
Nicaragua
74%
Barbados
72%
Suriname
65%
Argentina
61%
Dominica
61%
El Salvador
61%
Costa Rica
57%
Antigua and Barbuda
56%
Dominican Republic
52%
Saint Lucia
41%
No matching quizzes found
Score Distribution
Percent of People with Each Score
Percentile by Number Answered
Your Score History
You have not taken this quiz since the last reset